| 000 | 00616nam a2200241Ia 4500 | ||
|---|---|---|---|
| 005 | 20250425161619.0 | ||
| 008 | 250425s9999 xx 000 0 und d | ||
| 041 | _aeng | ||
| 082 | _a001.6425 | ||
| 100 | _aDIFAZIO, MARTHA | ||
| 245 | 0 | _aSTATISTICS SOFTWARE FOR MICROCOMPUTERS | |
| 250 | _aS.E. | ||
| 260 |
_aEstados Unidos _bKERN INTERNATIONAL _c1984 |
||
| 260 | _aS.L. | ||
| 300 | _a300 | ||
| 500 | _aCONSULTAR INV.20745 EN BIBTEC | ||
| 650 | _aANALISIS DE REGRESION | ||
| 650 | _aANALISIS ESTADISTICO | ||
| 650 | _aPROGRAMAS INFORMATICOS | ||
| 650 | _aSOFTWARE | ||
| 942 | _c01 | ||
| 010 | _a24286 | ||
| 999 |
_c212620 _d212620 |
||